Yokai Watch 3 : Médallium (part 2 : 446-752) - Statistiques

Statistiques générales
  • Ce quiz a été pris 8 fois
  • Le résultat moyen est 223 sur 306
Statistiques - réponses
Origine numéro Yokai % Correct
YW3 #702 Agent X
100%
YW3 #684 alpinella
100%
YW2 #507 Arachnia
100%
YW2 #506 Arachnus
100%
YW3 #594 As de nyan
100%
YW3 #618 Asura
100%
YW1 #552 Bababou
100%
YW2 #461 Babarouf
100%
YW3 #596 Benzaiten
100%
YW1 #466 Bicorniot
100%
YW3 #600 Bishamonten
100%
YW1 #476 Blablara
100%
YW3 #686 Blizzie
100%
YW3 #729 Boucanos
100%
YW1 #614 Cabotin
100%
YW1 #612 Camaïeul
100%
YW3 #748 Capitaine Tonerre
100%
YW2 #568 Carpitaine
100%
YW3 #449 Carquentin
100%
YW1 #497 Cenridion
100%
YW1 #467 Cerbébert
100%
YW1 #556 Claquille
100%
YW1 #465 Corniot
100%
YW2 #500 Crocho
100%
YW1 #730 Crocho
100%
YW1 #554 Croquin
100%
YW3 #676 Cymbaline
100%
YW2 #577 Cyrustre
100%
YW3 #598 Daikokuten
100%
YW3 #591 Dame Usapyon
100%
YW2 #501 Darknyan
100%
YW3 #638 Deadcool
100%
YW2 #611 Déballerine
100%
YW1 #453 Délujien
100%
YW3 #447 Déshirley
100%
YW3 #510 Diablotine
100%
YW1 #717 Didgeai
100%
YW3 #718 Didgéophyte
100%
YW3 #593 Dix de Komajiro
100%
YW3 #650 Domniscian
100%
YW2 #721 Domniscian
100%
YW3 #671 Domniscian 2.0
100%
YW3 #738 Domniscian 2.0
100%
YW3 #712 Don Morleone
100%
YW3 #713 Don Spiration
100%
YW2 #561 Draconfus
100%
YW1 #537 Dracounet
100%
YW1 #706 Dr. Jobard
100%
YW3 #599 Ebisu
100%
YW2 #534 Ed Mémoire
100%
YW3 #690 Enma Funèbre
100%
YW3 #689 Enma infini
100%
YW3 #672 Enma l'ancien
100%
YW3 #688 Enma solaire
100%
YW1 #499 Eterna
100%
YW3 #699 Fatracteur
100%
YW2 #576 Fielippine
100%
YW2 #733 Firmain
100%
YW1 #462 Flamente
100%
YW1 #485 Flopito
100%
YW2 #583 Fou Kappa
100%
YW1 #454 Fryzeur
100%
YW3 #657 Fukurokuju
100%
YW2 #582 Fumella
100%
YW2 #580 Gale de bain
100%
YW3 #661 Génie du rire
100%
YW3 #546 Godichezilla
100%
YW1 #610 Gorgouille
100%
YW3 #625 Grovide
100%
YW1 #456 Hémorhino
100%
YW3 #509 Horridjinn
100%
YW3 #597 Hotei
100%
YW3 #622 Hovernyan Cao Cao
100%
YW3 #621 Hovernyan S
100%
YW1 #452 Humidon
100%
YW3 #691 Indiana Jaws
100%
YW2 #575 Injustin
100%
YW1 #504 Insomnelle
100%
YW3 #635 Jibanyan T
100%
YW3 #595 Josper
100%
YW1 #498 Jouvencia
100%
YW3 #646 Justicier Komasqué
100%
YW3 #728 Karmagister
100%
YW3 #687 KJ
100%
YW3 #636 Komasan T
100%
YW1 #609 Komashura
100%
YW3 #605 Komastar
100%
YW1 #455 Kongel
100%
YW1 #478 Lulugubre
100%
YW3 #448 Maindecis
100%
YW3 #496 Malocoeur
100%
YW3 #720 Marmonneur en série
100%
YW2 #578 Maudicko
100%
YW2 #520 Maudieuse
100%
YW1 #735 Mckraken
100%
YW3 #667 Mégalopaul
100%
YW1 #490 Méphito
100%
YW1 #526 Méroubadour
100%
YW2 #586 Métaréaulog
100%
YW3 #704 Minustrel
100%
YW2 #547 Mlle Coucou
100%
YW1 #505 Morféa
100%
YW1 #517 Nénunoko
100%
YW1 #516 Noko
100%
YW2 #472 Non-non
100%
YW3 #633 Normaline
100%
YW1 #571 Octorgombre
100%
YW1 #570 Octorgone
100%
YW3 #508 Oridjinn
100%
YW3 #573 Originyan
100%
YW2 #491 Ornella
100%
YW1 #726 Orqanos
100%
YW3 #628 Orqanos Lu Bu
100%
YW3 #727 Orqéophyte
100%
YW1 #518 Pandanoko
100%
YW3 #607 Papi Taliste
100%
YW1 #489 Pégaz
100%
YW2 #482 Pépésbrouf
100%
YW3 #698 Phémniscian
100%
YW3 #606 Platinos
100%
YW2 #469 Poil-Emile
100%
YW2 #468 Poilux
100%
YW1 #731 Porcinator
100%
YW2 #529 Poulpater
100%
YW3 #475 Rengainaël
100%
YW2 #493 Robocorniot
100%
YW2 #563 Robodracou
100%
YW2 #562 Robonoko
100%
YW3 #739 Robonyan 28
100%
YW3 #723 Rôdin
100%
YW3 #590 Roi Jibanyan
100%
YW3 #750 Roi Shogun
100%
YW2 #579 Ronéan
100%
YW2 #613 Savantard
100%
YW3 #574 Scientifiborg Y
100%
YW3 #519 Scintinoko
100%
YW2 #536 Scolérique
100%
YW2 #535 Scoltine
100%
YW3 #669 Seigneur Enma
100%
YW3 #673 Seigneur Enma 2.0
100%
YW1 #608 Shogunyan
100%
YW2 #540 Sirénée
100%
YW2 #542 Sirènité
100%
YW2 #615 Slurpent
100%
YW3 #658 Sorcophage
100%
YW3 #620 Supernyan
100%
YW3 #732 Tata la terreur
100%
YW3 #602 T. Energison
100%
YW1 #553 Tourneboul
100%
YW3 #479 Trempetta
100%
YW1 #477 Umilie
100%
YW3 #592 Valet Komasan
100%
YW1 #532 Vexturgeon
100%
YW1 #566 Vipérale
100%
YW1 #567 Viperflay
100%
YW1 #464 Volatriste
100%
YW1 #463 Volibrius
100%
YW1 #715 Volteface
100%
YW3 #716 Voltéophyte
100%
YW3 #474 Werner Avif
100%
YW3 #548 Whisper
100%
YW3 #655 Whisper Kongming
100%
YW2 #549 Whispocrates
100%
YW3 #623 Yogaratoi
100%
YW3 #708 Yopple-bot
100%
YW3 #651 Zazel
100%
YW3 #670 Zazel le bon
100%
YW2 #460 Zikafon
100%
YW3 #693 Zombigout
100%
YW2 #483 Adolfo Jeton
50%
YW3 #703 Agent Rixe
50%
YW3 #564 Agraisseur
50%
YW3 #641 Ailexagère
50%
YW1 #525 Anghihihille
50%
YW3 #666 Aristocorniot
50%
YW2 #480 Avallée
50%
YW1 #559 Bananar
50%
YW3 #664 Baratina
50%
YW3 #524 Barbuzz
50%
YW3 #662 Bastetnyan
50%
YW3 #523 Céfasslopode
50%
YW3 #644 Céodieux
50%
YW3 #601 Chagellan
50%
YW1 #457 Chiperpiou
50%
YW3 #696 Cocassepied
50%
YW3 #654 Coco Barjo
50%
YW1 #557 Cocpille
50%
YW3 #617 Corailline
50%
YW2 #511 Crampaud
50%
YW3 #446 Cravat'en
50%
YW3 #550 Criquetif
50%
YW3 #604 Dernier Nyanmourai
50%
YW3 #569 Diegoïste
50%
YW3 #710 Dodorothée
50%
YW3 #743 Don Dorleone
50%
YW1 #539 Dragô
50%
YW3 #522 Ebobby
50%
YW1 #451 Ecchinose
50%
YW3 #697 El Dragonor
50%
YW3 #572 Entraînette
50%
YW3 #513 Escarcool
50%
YW3 #653 Escoffregriffe
50%
YW3 #640 Fantimoré
50%
YW2 #585 Fatalutin
50%
YW1 #724 Gargaros
50%
YW3 #679 Glapie
50%
YW3 #677 Gromel
50%
YW3 #648 Guillotin
50%
YW3 #747 Hacharné
50%
YW3 #682 Hiivon
50%
YW3 #751 Hypertaupe
50%
YW1 #555 Inisquale
50%
YW3 #665 Institours
50%
YW1 #558 Jacquasseur
50%
YW3 #495 Javamal
50%
YW2 #521 Jérémya
50%
YW2 #737 Jiganyan
50%
YW3 #656 Jurojin
50%
YW3 #711 King keskler
50%
YW3 #634 Koalanyan
50%
YW2 #736 Komak
50%
YW3 #663 Komanubis
50%
YW3 #629 Kyubot
50%
YW3 #685 Lunatio
50%
YW2 #581 Mabouhl
50%
YW3 #714 Magnustrel
50%
YW1 #450 Malmidal
50%
YW2 #734 Maximain
50%
YW3 #744 Mécagolem
50%
YW2 #705 Meganyan
50%
YW3 #681 Meuhlinda
50%
YW1 #484 Misterbide
50%
YW3 #645 Momignorante
50%
YW2 #481 Mont Merci
50%
YW3 #632 Moqua Glacé
50%
YW3 #746 Morquis
50%
YW3 #692 M. Spioche
50%
YW1 #530 Murhaine
50%
YW3 #695 Néfertyrannie
50%
YW3 #709 No-bot
50%
YW3 #694 Nyansès 2
50%
YW3 #627 Octorbot
50%
YW3 #637 Oeuxcellence
50%
YW1 #725 Ogralos
50%
YW3 #660 Pandore
50%
YW2 #584 Pariasolal
50%
YW1 #459 Pioubidou
50%
YW2 #528 Poulpatouch
50%
YW3 #551 Poulpulaire
50%
YW2 #587 Poulux
50%
YW3 #652 Prochrastinocchio
50%
YW2 #458 Rapiaf
50%
YW3 #630 Robonyan Ultime
50%
YW3 #668 Roi Pourkoidon
50%
YW3 #616 Saincope
50%
YW3 #741 Sequestrella
50%
YW3 #742 Shamanaconda
50%
YW3 #675 Shivatenguerre
50%
YW2 #588 Sinisrénée
50%
YW1 #538 Sire Dragon
50%
YW2 #543 Sireine-mère
50%
YW3 #674 Somnoracle
50%
YW3 #700 Supermanager
50%
YW3 #631 Taupe-modèle
50%
YW3 #745 Ténorque
50%
YW3 #619 Terminyanator
50%
YW3 #470 Théopportun
50%
YW3 #701 Thibonimenteur
50%
YW3 #719 Tornadoculaire
50%
YW3 #471 Triopportun
50%
YW3 #683 Turboss
50%
YW3 #544 Tyragédie
50%
YW1 #527 Urnaconda
50%
YW1 #565 Vipètesec
50%
YW3 #678 Vociféro
50%
YW3 #707 Yo-Kaiju
50%
YW3 #680 Affolenterne
0%
YW3 #649 Ambassadeur de charme
0%
YW3 #639 Athlaitue
0%
YW3 #749 Capitaine Tonerre (serieux)
0%
YW3 #545 Catastrosaure
0%
YW3 #560 Chocobananar
0%
YW3 #722 Clochemar
0%
YW3 #473 Crasselia
0%
YW3 #740 Garegamelle
0%
YW3 #502 Hadespote
0%
YW3 #624 Haltela
0%
YW3 #503 Jean-mèchel
0%
YW3 #487 Maracraque
0%
YW3 #515 Médisansss
0%
YW2 #589 Mll Courroux
0%
YW3 #643 Otempourmoa
0%
YW3 #514 Outransss
0%
YW3 #603 Papy Charles
0%
YW3 #494 Persépoil
0%
YW1 #531 Saumhonni
0%
YW3 #486 Seulimane
0%
YW2 #492 Sinistrella
0%
YW3 #659 Sir Trompelamor
0%
YW3 #488 Taïbasse
0%
YW3 #512 Thépacap
0%
YW3 #647 Tofunyan
0%
YW3 #642 Trèchérubine
0%
YW3 #626 Tristos
0%
YW3 #752 Ultime Nyanmouraï
0%
YW2 #533 Yventouse
0%
Aucun quiz correspondant
Distribution des résultats
% des personnes avec chaque résultat
Percentile par nombre de réponses
Votre historique - résultats
Vous n’avez pas pris ce quiz